000 01294nam a2200361Ia 4500
001 Z_6850
003 CHAP
005 20230622130300.0
008 220113s2015 xx 000 0 und d
010 _a170124
040 _cCHAP
090 _aTesis S268 2494
100 _aSántiz Gómez, José Alfredo
_9129590
245 _aTecnologías para mejorar el aporte nutricional de forrajes cosechados por pastoreo con bovinos /
_cJosé Alfredo Sántiz Gómez
260 _aMéxico :
_bEl autor,
_c2015
300 _a74 p.
502 _aTesis (Ingeniero Agrónomo Especialista en Zootecnia) -- UACh, 2015 \ Dirección: Hermilo Suárez Domínguez; asesoría: Pedro Arturo Martínez Hernández y José Ayala Oseguera
650 _aCelulosa
_920915
650 _aDigestibilidad
_9144243
650 _aForraje
_9137922
650 _aGanado bovino
_9138033
650 _aLignina
_966757
650 _aMicroorganismos
_975519
700 _a Ayala Oseguera, José, asesor
_9142549
700 _a Martínez Hernández, Pedro Arturo, asesor
_9137925
700 _aSuárez Domínguez, Hermilo, director
_9142530
856 4 2 _uhttp://10.13.5.2/tesis/sist111660.pdf
_yDescargar PDF
901 _aTESIS S268 2494
902 _aM
910 _a2015
942 _c2
_2ddc
942 _c2
_2ddc
999 _c170124
_d170124